000 00578nam a2200157 i 4500
001 bg
245 0 _aFizyka dla przemysłu :
_bmateriały V konferencji organizowanej przez Polskie Towarzystwo Fizyczne, Instytut Fizyki Politechniki Poznańskiej, 10-12 września 1986 r. /
_cPolitechnika Poznańska. - T. 1.
260 _aPoznań :
_bWydaw. PP,
_c1988.
300 _a318 s. :
_brys., wykr. ;
_c24 c,.
710 _aPOLITECHNIKA POZNAŃSKA (Poznań)
040 _cBPK
041 _apol
080 _a53:621.03](061.3)
942 _cKS
008 s pl f |000 0 pol
999 _c28767
_d28767
856 _uhttp://koha.tu.koszalin.pl/cgi-bin/koha/opac-detail.pl?biblionumber=28767
_yKatalog online BPK